| 000 | 00510pab a2200181 454500 | ||
|---|---|---|---|
| 008 | 180718b2006 xxu||||| |||| 00| 0 eng d | ||
| 100 | _aMitra, Debabrata | ||
| 245 | _aGlobalization and economic reforms: its impact on higher education in India | ||
| 260 | _c2006 | ||
| 300 | _ap.790-91. | ||
| 362 | _aOct | ||
| 650 | _aGlobalization - India | ||
| 650 | _aHigher education - India | ||
| 650 | _aEconomic reform - India | ||
| 650 | _aEconomic reform | ||
| 773 | _aManagement Accountant | ||
| 909 | _a72054 | ||
| 999 |
_c72054 _d72054 |
||